000 00262nam a2200109Ia 4500
008 220204s9999 xx 000 0 und d
082 _a796.34
_bBRU
100 _aBrundle, Fred
245 0 _aBadminton
260 _aLondon
_bHodder and Stoughton
_c1959
942 _cBK
999 _c35249
_d35249